000 00437nam a2200181 a 4500
001 5828
003 CO-ViMGA
008 141112s2004 ck r 000 u spa d
040 _aCO-ViMGA
_bspa
_cCO-ViMGA
082 0 4 _a923.1 L452l
100 1 _aLudwing, Emil
_94363
245 1 0 _aLincoln
250 _a7a
260 _aBarcelona :
_bJuventud,
_c1987
300 _a389 p
650 1 4 _aLINCOLN, ABRAHAM 1809 - 1865
_94364
942 _2ddc
_cBK
999 _c17806
_d17806